A capelinha de S. Vicente (Registo nº 626)

Detalhes MARC
000 -Etiqueta do registo
Cabeçalho 00836cam a2200301 4500
005 - Identificador da versão
Campo de controlo 20240813121808.0
010 ## - Número internacional normalizado dos livros (ISBN)
Número (ISBN) 9728545088
021 ## - Número do Depósito Legal
Código do país PT
Número 154621/00
035 ## - Other System Control Numbers
System Control Number 0000654
System Control Number 0000650
System Control Number 0000650
System Control Number 0000638
100 ## - Dados gerais de processamento
Dados gerais de processamento 20010611d2000 m y0pory5003 ba
102 ## - Pais de publicação ou produção
País de publicação Portugal
101 0# - Língua de publicação
Língua do texto, banda sonora, etc. Português
106 ## - Campo de dados codificados: material textual
Dados codificados do material textual r
105 ## - Campo de dados codificados: livros
Dados codificados dos livros a z 001yy
215 ## - Descrição física 
Indicação específica da natureza do documento e extensão da espécie L, [1] p.
Outras indicações físicas il.
Dimensões 21 cm
200 1# - Titulo e menção de responsabilidade
Título próprio A capelinha de S. Vicente
Primeira menção de responsabilidade João Adriano Ribeiro
225 2# - Colecção 
Título próprio da colecção Lugares pitorescos
Indicação de volume 6
210 ## - Publicação, Distribuição, etc. 
Lugar da edição, distribuição, etc. [São Vicente, Funchal]
Nome do editor, distribuidor, etc. Calcamar
Data da publicação, distribuição, etc. cop. 2000
532 12 - Título desenvolvido
Expanded Title <A >capelinha de São Vicente
606 ## - Nome comum usado como assunto
Número de registo de entrada de autoridade 0000777
Palavra de ordem Capelinha de São Vicente (Concelho de São Vicente, Portugal)
675 ## - Classificação Decimal Universal (CDU)
Notação 726.5(469.81)
Edição BN
Língua da edição por
700 #1 - Nome de autor-pessoa física (responsabilidade principal)
Número de registo de entrada de autoridade 0000779
Palavra de ordem Ribeiro
Outra parte do nome não tomada para palavra de ordem João Adriano
942 ## - Elementos de entrada adicionados (Koha)
Tipo de item no Koha Livro
Exemplares
Situação do levantamento Origin of item (home branch) (coded) Biblioteca de empréstimo Código de barras Circulation type (not for loan) Tipo de documento Nota do exemplar Damaged status
  Biblioteca Escolar Eng. Nuno Mergulhão Biblioteca Escolar Eng. Nuno Mergulhão BENM369   Livro Sem mensagem